000 00744nam a2200253Ia 4500
003 OSt
005 20220918163443.0
006 a|||||r|||| 00| 0
007 ta
008 220917b |||||||| |||| 00| 0 eng d
020 _a0007179863 (pbk)
_c295
024 _a234,539
037 _b11823, 28/02/2008, Overseas Press
_cTextual
040 _aARTS
_cARTS
_beng
041 _2eng
_aeng
082 _aO111,6N19x, P5
100 _aLessing Doris
245 0 _aTime bites
_b views and reviews
260 _aLondon
_bHarper Perennial UK
_c2005
300 _a376p.
_ccm.
650 _aENGLISH LITERATURE
942 _hO111,6N19x, P5
_cTEXL
_2CC
999 _c119689
_d119689